Inheritance tax threshold too low (Record no. 118195)

MARC details
000 -LEADER
fixed length control field 01204cam a2200229 4500
001 - CONTROL NUMBER
control field WB@3612-838
008 - FIXED-LENGTH DATA ELEMENTS--GENERAL INFORMATION
fixed length control field 041020n2004 000 0 eng u
035 ## - SYSTEM CONTROL NUMBER
System control number (Sirsi) u127769
245 ## - TITLE STATEMENT
Title Inheritance tax threshold too low
260 ## - PUBLICATION, DISTRIBUTION, ETC.
Date of publication, distribution, etc. 2004
490 ## - SERIES STATEMENT
Series statement PricewaterhouseCoopers Press Release
Volume/sequential designation 15 October 2004 (4)
520 ## - SUMMARY, ETC.
Summary, etc. The property boom of the past seven years has pushed the ratio of house prices to the inheritance tax (IHT) threshold to record levels in most UK regions, according to new research by PricewaterhouseCoopers. "House prices and inheritance tax" found that for a great many older people, their homes are their major asset and one that is not easy to shelter from IHT. Since 1997, the ratio of average UK house prices to the IHT threshold has risen steadily from 32% to around 65%. The report looks at options for dealing with this increasingly prevalent financial issue. http://www.ukmediacentre.pwc.com/content/detail.as p?ReleaseID=1029&NewsAreaID=2
590 ## - LOCAL NOTE (RLIN)
Local note WB
590 ## - LOCAL NOTE (RLIN)
Local note WB
650 ## - SUBJECT ADDED ENTRY--TOPICAL TERM
Topical term or geographic name entry element INHERITANCE TAX
650 ## - SUBJECT ADDED ENTRY--TOPICAL TERM
Topical term or geographic name entry element ASSETS
650 ## - SUBJECT ADDED ENTRY--TOPICAL TERM
Topical term or geographic name entry element VALUATION METHODS
650 ## - SUBJECT ADDED ENTRY--TOPICAL TERM
Topical term or geographic name entry element HOUSE PRICES
650 ## - SUBJECT ADDED ENTRY--TOPICAL TERM
Topical term or geographic name entry element HOUSE VALUES
690 ## - LOCAL SUBJECT ADDED ENTRY--TOPICAL TERM (OCLC, RLIN)
Topical term or geographic name as entry element TAXATION
942 ## - ADDED ENTRY ELEMENTS (KOHA)
Suppress in OPAC 0
Holdings
Withdrawn status Lost status Source of classification or shelving scheme Damaged status Not for loan Home library Current library Shelving location Date acquired Total Checkouts Full call number Barcode Date last seen Copy number Price effective from Koha item type
    Dewey Decimal Classification     London London News article 20/10/2004   WB4040-19 127769-1001 06/08/2019 1 06/08/2019 News article